000 00883cab a2200265 4500
001 ABS52834
008 090401t1995 xxu||||| |||| 00| 0 eng d
035 _a(Sirsi) u377
041 _aeng
100 _aGibson, V.
245 _aIs property on the strategic agenda?
260 _c1995
350 _a0
490 _aProperty Review
_v5(4) May 1995, 104-109(6)
520 _aExamines the changing role of property in corporate strategy. Attempts to identify some reasons underlying this change and the factors which seem to inhibit the perception of property as a strategic resource.
650 _aCORPORATE PROPERTY
650 _aCORPORATE STRATEGY
650 _aOPERATIONAL PROPERTY
650 _aPROPERTY ASSETS
650 _aProperty management
_96262
650 _aSTRATEGIC RESOURCE
690 _aPROPERTY-COMMERCIAL PROPERTY
942 _n0
948 _c04/03/1997
999 _c148
_d148